000 00422nam a2200169Ia 4500
003 LK-CoDNM
008 010623t2011 xxu||||| |||| 00| 1 sin d
040 _aLK-CoDNM
_dLK-CoDNM
_eLK-CoDNM
041 _asin
080 _a294.3 ACH
100 _aAchan,Cha hii
245 _aකැලේ ගහක්
246 _aKale Gahak
260 _bBaudha Grantha Prakashana
_aKandy
_c2011
300 _b118, 22 cm
942 _cBK
999 _c130946
_d130946